Statistics for Blood-Horse List of the Top 100 U.S. Racehorses of the 20th Century

Click here to take the quiz!

General Stats

  • This quiz has been taken 442 times
  • The average score is 20 of 100

Answer Stats

RankingHorse Name% Correct
2Secretariat
91%
1Man o' War
84%
25Seabiscuit
76%
3Citation
68%
12Affirmed
65%
9Seattle Slew
65%
13War Admiral
57%
7Native Dancer
46%
35Ruffian
46%
27Alydar
45%
18Cigar
43%
26Whirlaway
41%
5Count Fleet
40%
43Northern Dancer
40%
4Kelso
39%
6Dr. Fager
35%
28Gallant Fox
35%
49Sir Barton
35%
31Sunday Silence
35%
19Bold Ruler
34%
10Spectacular Bid
34%
61Omaha
33%
23John Henry
31%
33Assault
29%
34Easy Goer
29%
8Forego
29%
22Phar Lap
27%
42Alysheba
25%
63Silver Charm
24%
14Buckpasser
22%
48Personal Ensign
21%
97Foolish Pleasure
20%
91Genuine Risk
20%
76Lady's Secret
20%
16Damascus
19%
24Nashua
18%
57Riva Ridge
18%
17Round Table
18%
20Swaps
18%
11Tom Fool
18%
29Exterminator
17%
71Regret
17%
64Holy Bull
16%
32Skip Away
16%
15Colin
15%
60Native Diver
15%
36Gallant Man
14%
39Armed
13%
69Noor
13%
56Zev
13%
45Gallorette
12%
46Majestic Prince
12%
21Equipoise
11%
72Go For Wand
11%
88Old Rosebud
11%
44Ack Ack
10%
83Carry Back
10%
79Gallant Bloom
10%
58Slew O' Gold
10%
51Susan's Girl
10%
53Sword Dancer
10%
96Exceller
9%
73Johnstown
9%
85Lure
9%
99Roamer
9%
67Arts and Letters
8%
100Blue Larkspur
8%
40Busher
8%
37Discovery
8%
75Hill Prince
8%
70Shuvee
8%
41Stymie
8%
52Twenty Grand
8%
68All Along
7%
65Alsab
7%
38Challedon
7%
62Cicada
7%
47Coaltown
7%
86Fort Marcy
7%
87Gamely
7%
30Sysonby
7%
80Ta Wee
7%
98Beldame
6%
50Dahlia
6%
55Devil Diver
6%
95Bayakoa
5%
54Grey Lag
5%
82Miesque
5%
66Top Flight
5%
59Twilight Tear
5%
81Affectionately
4%
89Bewitch
4%
84Bimelech
4%
92Sarazen
4%
93Sun Beau
4%
77Two Lea
4%
74Bald Eagle
3%
90Davona Dale
3%
78Eight Thirty
3%
94Artful
2%

Score Distribution

Percentile by Number Answered

Percent of People with Each Score

Your Score History

You have not taken this quiz